000 00514nam a2200157Ia 4500
999 _c37191
_d37191
041 _aEnglish
082 _aRP.0357
100 _aPande, Milind
_uIndian Institute of Foreign Trade
_vNew Delhi
245 0 _aRegional Study of telecom technology option for Indian rural education /
_cMilind Pande
260 _aNew Delhi :
_bICSSR,
_c2010
300 _axxxi, 371p ;
504 _aInclude bibliographical references.
536 _aIndian Council of Social Science Research.
546 _aEnglish
942 _cRP
_2ddc